Η επαγγελματική εκπαίδευση στην Ελλάδα : εξελίξεις, προβλήματα και προοπτικές
Αποθηκεύτηκε σε:
| Κύριος συγγραφέας: | |
|---|---|
| Συγγραφή απο Οργανισμό/Αρχή: | |
| Μορφή: | Βιβλίο |
| Γλώσσα: | Greek |
| Δημοσίευση: |
Αθήνα :
Κέντρο Προγραμματισμού και Οικονομικών Ερευνών,
c2006.
|
| Σειρά: | Εκθέσεις (Κέντρο Προγραμματισμού και Οικονομικών Ερευνών)
v.48 |
| Θέματα: | |
| Ετικέτες: |
Προσθήκη ετικέτας
Δεν υπάρχουν, Καταχωρήστε ετικέτα πρώτοι!
|
MARC
| LEADER | 00000cam a2200000 i 4500 | ||
|---|---|---|---|
| 001 | 1/65365 | ||
| 008 | 071130s2006 gr | ||| |||| ||gre|| | ||
| 020 | |a 9603410683 | ||
| 022 | |a 11085797 | ||
| 035 | |l 10092701 | ||
| 040 | |a GR-MY-UA |b gre |e aacr | ||
| 041 | 0 | |a gre | |
| 082 | 7 | |a 370.11309495 |2 (22) | |
| 100 | 1 | |a Κάρμας, Κωνσταντίνος Α. | |
| 245 | 1 | 2 | |a Η επαγγελματική εκπαίδευση στην Ελλάδα : |b εξελίξεις, προβλήματα και προοπτικές / |c Κωνσταντίνου Α. Κάρμα. |
| 260 | |a Αθήνα : |b Κέντρο Προγραμματισμού και Οικονομικών Ερευνών, |c c2006. | ||
| 300 | |a 209 σ. : |b πίν. ; |c 24 εκ. | ||
| 490 | 1 | |a (Εκθέσεις / Κέντρο Προγραμματισμού και Οικονομικών Ερευνών ; |v vol.48) | |
| 504 | |a Βιβλιογραφία : σ. 207-209. | ||
| 650 | 0 | 0 | |a Vocational education |z Greece. |
| 650 | 0 | 0 | |a Vocational guidance |z Greece. |
| 710 | 2 | |a Κέντρο Προγραμματισμού και Οικονομικών Ερευνών. | |
| 830 | 0 | |a Εκθέσεις (Κέντρο Προγραμματισμού και Οικονομικών Ερευνών) |v v.48 | |
| 852 | |a INST |b CHIOS |e 20071130 |h 370.11309495 ΚΑΡ |p 005200028305 |q 005200028305 |t BK |y 0 | ||
| 852 | |a INST |b CHIOS |e 20090505 |h 370.11309495 ΚΑΡ |p 005200030397 |q 005200030397 |t BK |y 0 | ||
| 901 | |a BIBL2-2007-3 | ||
| 901 | |a BIBL2-2009-2 | ||
| 909 | |a Χ |b 131499 | ||
| 909 | |a Χ |b 147279 | ||
| 970 | |a ΒΑΡΦΗΣ |b ΒΑΓΓΕΛΗΣ |z 2007/11/30 | ||